000 00367nam a2200145Ia 4500
005 20251222153554.0
008 251222s9999||||xx |||||||||||||| ||spa||
020 _a8486566118
082 _a346.467.60/G47
100 _aGiner Boira, Vicente
245 0 _aEl Tribunal de las Aguas de Valencia
250 _a1ra.ed
264 _bJavier Boronat, Editor
942 _cLIB
999 _c30955
_d30955